| 000 | 00430nam a2200157 i 4500 | ||
|---|---|---|---|
| 001 | 91257 | ||
| 003 | ES-MaACL | ||
| 005 | 20230906180657.0 | ||
| 007 | t| | ||
| 008 | 050128s1901 fr ||||1| fre d | ||
| 100 | 0 |
_aLetourneau, Charles. _971888 |
|
| 245 | 1 | 3 |
_aLa psychologie etnique / _cCharles Letourneau. |
| 260 |
_aParĂs : _b[s.n., _c1901] ( _fA. Hennuyer) |
||
| 300 |
_aVIII, 556 p. ; _c19 cm. |
||
| 852 |
_aES-MaACL _jF-13384 |
||
| 999 |
_c91257 _d91257 |
||